The march of free India, (Record no. 88164)

MARC details
000 -LEADER
fixed length control field 00686nam a2200241 4500
001 - CONTROL NUMBER
control field sa 68018079
003 - CONTROL NUMBER IDENTIFIER
control field DLC
005 - DATE AND TIME OF LATEST TRANSACTION
control field 20260227112708.0
008 - FIXED-LENGTH DATA ELEMENTS--GENERAL INFORMATION
fixed length control field 710510s1968 ii b 00010 eng
010 ## - LIBRARY OF CONGRESS CONTROL NUMBER
LC control number sa 68018079
025 ## - OVERSEAS ACQUISITION NUMBER
Overseas acquisition number PL480:I-E-10583
043 ## - GEOGRAPHIC AREA CODE
Geographic area code a-ii---
050 0# - LIBRARY OF CONGRESS CALL NUMBER
Classification number HN683.5
Item number .T47
100 10 - MAIN ENTRY--PERSONAL NAME
Personal name Thomas, Paul,
Dates associated with a name 1910-
245 1# - TITLE STATEMENT
Title The march of free India,
Statement of responsibility, etc. by P. Thomas.
260 0# - PUBLICATION, DISTRIBUTION, ETC.
Place of publication, distribution, etc. Ernakulam,
Name of publisher, distributor, etc. Joseph Thomasons
Date of publication, distribution, etc. [1968]
300 ## - PHYSICAL DESCRIPTION
Extent 116 p.
Dimensions 19 cm.
350 ## - PRICE (NR) (BK AM CF MU VM SE) [OBSOLETE]
Price 3.75
504 ## - BIBLIOGRAPHY, ETC. NOTE
Bibliography, etc. note Bibliographical footnotes.
651 #0 - SUBJECT ADDED ENTRY--GEOGRAPHIC NAME
Geographic name India
General subdivision Politics and government
Chronological subdivision 1947-
651 #0 - SUBJECT ADDED ENTRY--GEOGRAPHIC NAME
Geographic name India
General subdivision Economic conditions
Chronological subdivision 1947-
651 #0 - SUBJECT ADDED ENTRY--GEOGRAPHIC NAME
Geographic name India
General subdivision Social conditions
Chronological subdivision 1947-

No items available.

Powered by Koha